| 000 | 00936nam a22002532i 4500 | ||
|---|---|---|---|
| 001 | 75449 | ||
| 003 | BD-RjUL | ||
| 005 | 20211209082706.0 | ||
| 008 | 190411s1953 enk 000 0 eng d | ||
| 035 | _a(BD-RjUL)75667 | ||
| 040 |
_aUKM _cUKM _dEQO _dBD-RjUL _beng |
||
| 041 | _aeng | ||
| 082 |
_223 _a657.2 _bFIS 1953 |
||
| 100 | 1 |
_aFieldhouse, Arthur, _d1864-1956. _9229838 |
|
| 245 | 1 | 4 |
_aThe student's complete commercial book-keeping : _baccounting and banking, comprising the principles and practice of double entry as applied to modern business, and including a course of training for all public and professional examinations / _cArthur Fieldhouse |
| 250 | _a60th ed | ||
| 260 |
_aLondon : _bFieldhouse; Distributed by Simpkin Marshall, _c1953 |
||
| 300 |
_a975 p. ; _c19 cm. |
||
| 650 |
_aBookkeeping _9230352 |
||
| 650 |
_aAccounting _9230353 |
||
| 700 | 1 |
_aFieldhouse, E. E. _9229838 |
|
| 942 |
_2ddc _cBK |
||
| 999 |
_c75449 _d75449 |
||